LEADER 01126cam0 2200325 450 001 000017535 005 20081219134245.0 010 $a88-15-02758-0 100 $a20081014d1990----km-y0itay50------ba 101 1 $aita$ceng 102 $aIT 105 $ay-------001yy 200 1 $aDinamica economica$fRoy F. Harrod$gedizione a cura di Paolo Varri$gtraduzione di Gilberto Antonelli e Giovanni Pegoretti 210 $aBologna$cIl Mulino$dc1990 215 $a273 p.$d18 cm 225 2 $aCollezione di testi e di studi. Economia 410 0$12001$aCollezione di testi e di studi. Economia 500 10$aTowords a dynamic economics$m$935045 610 1 $aEconomia$aTeorie 610 1 $aTeoria macroeconomica 610 1 $aDinamica economica 610 1 $aHarrod, Roy F.$aOpere$aBibliografia 676 $a339.5$v12$9Politica macroeconomica 700 1$aHarrod,$bRoy Forbes$0526207 702 1$aVarri,$bPaolo$4070 801 0$aIT$bUNIPARTHENOPE$c20081014$gRICA$2UNIMARC 912 $a000017535 951 $a023/197$b6869$cNAVA2$d2008 996 $aTowords a dynamic economics$935045 997 $aUNIPARTHENOPE